1147 1563 1624 1366 1553 1252 1095 1154 1326 1031 1706 1639 1810 1128 1796 1837 1642 1117 1777 1076 1811 1189 1614 1984 1352 1514 1977 1375 1184 1888 1408 1924 1124 1316 1526 1230 1722 1242 1763 1275 1241 1172 1944 1003 1051 1108 1616 1510 1073 1641 1218 1936 1290 1276 1403 1167 1341 1862 1888 1412 1755 1400 1552 1110 1736 1224 1621 1895 1336 1964 1722 1384 1470 1347 1109 1298 1279 1235 1607 1456 1095 1297 1840 1628 1362 1916 1722 1146 1545 1550 1252 1519 1545 1362 1099 1495 1498 1912 1985 BCNSPRNW ULIB Ver.6.0+V

เปลี่ยนเป็นภาษาไทย

Change to English
 แสดงรายละเอียดบรรณานุกรม
  กลับหน้าหลัก

Brief Record : Get Marc (ISO 2709) : E-mail record : QR code < ปิดหน้าต่าง
LEADER : 00000nam 2200000uu 4500
001    13399126216
003     ULIB
008    180726s2561||||th 000 0 tha d
020    ^a9786161111380
060 04 ^aQW504^bห323
245 00 ^aหลักสูตรเชิงปฏิบัติการสำหรับเจ้าหน้าที่สร้างเสริมภูมิคุ้มกันโรค /^cคณะบรรณาธิการ, อัญชลี ศิริพิทยาคุณกิจ ... [และคนอื่นๆ]
250    ^aพิมพ์ครั้งที่ 3
260    ^a[นนทบุรี] :^bสถาบันวัคซีนแห่งชาติ กรมควบคุมโรค กระทรวงสาธารณสุข,^c2561
300    ^aก-ฌ, 198 หน้า :^bภาพประกอบ ;^c29 ซม.
650  4 ^aเจ้าหน้าที่สาธารณสุข
650  4 ^aภูมิคุ้มกัน, โรค^xหลักสูตร
650  4 ^aวิทยาภูมิคุ้มกัน
700 0  ^aอัญชลี ศิริพิทยาคุณกิจ,^eบรรณาธิการ
710 2  ^aสถาบันวัคซีนแห่งชาติ กรมควบคุมโรค กระทรวงสาธารณสุข
710 2  ^aกระทรวงสาธารณสุข. ^bกรมควบคุมโรค
710 2  ^aสถาบันวัคซีนแห่งชาติ
945    ^p0^l0^i26434
999    ^aกัณชพร จุลอักษร
รายการนี้ยังไม่มีแท็ก
คุณยังไม่ได้ล็อกอิน คุณสามารถมีกิจกรรมร่วมกับเว็บไซต์ได้ แต่ต้องล็อกอินก่อน ::
  ล็อกอิน

รายการสื่อสารสนเทศ

ลำดับที่ ประเภท เลขเรียก/บาร์โค้ด สถานที่ สถานะ
1. วิทยาศาสตร์การแพทย์ และสุขภาพ
วิทยาศาสตร์การแพทย์ และสุขภาพ
QW504 ห323 ฉ.1 
  Barcode: 26434
ห้องสมุดวิทยาเขตนครสวรรค์
►หนังสือทั่วไป:l:General Books
บนชั้น

รายการใกล้เคียง
    หัวเรื่อง [เจ้าหน้าที่สาธารณสุข]
    หัวเรื่อง [วิทยาภูมิคุ้มกัน]

BibComment


ยังไม่เคยถูกคอมเมนท์

คอมเมนท์ทรัพยากรรายการนี้
  คอมเมนท์: หลักสูตรเชิงปฏิบ..


 Copyright 2026. Bcnsprnw @Library